Wszystkie stolicę Polski - Statystyki

Ogólne statystyki
  • Ten quiz został rozwiązany 475 razy
  • Średni wynik to 6 z 11
Statystyki odpowiedzi
Okres sprawowania Miasto/Gród % Poprawnych
940 - 1040 Gniezno
97%
1040-1079 Kraków
86%
30.07.1945 - ... Warszawa
80%
1296-1795 Kraków
63%
1138-1290 Kraków
57%
1815-1831 Warszawa
57%
12.11.1918-1939 Warszawa
54%
1079-1138 Płock
49%
1290-1296 Poznań
49%
6.11.1918-12.11.1918 Lublin
26%
21.07.1945-30.07.1945 Chełm
9%
Nie znaleziono quizów pasujących do podanych kryteriów
Rozkład punktacji
Procent ludzi z każdym wynikiem
Percentyl według liczby udzielonych odpowiedzi
Twoja historia wyników
Nie rozwiązałeś tego quizu